| 000 | 00430nam a2200181Ia 4500 | ||
|---|---|---|---|
| 001 | 941 | ||
| 005 | 20260306140555.0 | ||
| 008 | 260306t2004||||xx |||||||||||||| ||spa|| | ||
| 041 | _aESP | ||
| 082 |
_a174.4 _bH19 |
||
| 100 |
_aHamburguer Fernández, Álvaro Andrés _eAUT |
||
| 245 | 0 | _aÉtica de la empresa | |
| 260 | _c2004 | ||
| 300 |
_a207 páginas : _c23 cm. |
||
| 650 | _aGEN | ||
| 654 | _aCHU | ||
| 942 |
_cLIB _dJUS _fJUS _2ddc _n |
||
| 999 |
_c941 _d941 |
||